000
nam a22 7a 4500
999
_c
233046
_d
233046
003
Nust
005
20170228105353.0
008
170228b xxu||||| |||| 00| 0 eng d
040
_c
DLC
082
_a
891.4393 BAN
245
_a
راجہ گدھ
_c
بانو قدسیہ
260
_a
Lahore :
300
_a
452p. :
_c
25cm
942
_2
ddc
_c
BK